|
|
|
|
| LEADER |
00000nab#a22000007a#4500 |
| 001 |
arbauad031948 |
| 003 |
AR-BaUAD |
| 005 |
20250711112600.0 |
| 008 |
980708|||||||||###||||||b###|0###a|spa|| |
| 040 |
|
|
|a AR-BaUAD
|c AR-BaUAD
|b spa
|
| 100 |
|
|
|a Beckman, Ulf
|
| 245 |
|
|
|a Sverige i fyra äggskal /
|c Ulf Beckman;
|
| 300 |
0 |
|
|b fot.
|
| 653 |
|
|
|a PORTUGAL
|
| 653 |
|
|
|a LISBOA
|
| 653 |
|
|
|a EXPOSICIONES
|
| 653 |
|
|
|a BERGSTRÖM, LARS
|
| 653 |
|
|
|a BIGERT, MATS
|
| 653 |
|
|
|a CLIMA
|
| 653 |
|
|
|a VERANO
|
| 653 |
|
|
|a OTOÑO
|
| 653 |
|
|
|a INVIERNO
|
| 653 |
|
|
|a PRIMAVERA
|
| 653 |
|
|
|a SEMIOLOGIA
|
| 653 |
|
|
|a TEORIA
|
| 773 |
0 |
|
|t FORM designtidskriften
|g no. 717 [1998], p. 62-65
|
| 942 |
|
|
|c ARTI
|
| 952 |
|
|
|0 0
|1 0
|4 0
|7 0
|9 76867
|a AR-BAuAD
|b AR-BAuAD
|d 2025-07-11
|l 0
|p AAQA031948
|r 2025-07-11 11:26:00
|w 2025-07-11
|y ARTI
|
| 990 |
|
|
|a S199
|b TD
|
| 998 |
|
|
|a AAQ
|b BIBUN76
|
| 999 |
|
|
|c 56540
|d 56540
|